[Event "Crikvenica City-ch"]
[Site "Crikvenica"]
[Date "2022.02.22"]
[Round "5"]
[White "Viduka, Marko"]
[Black "Hajdinic, Ema"]
[Result "0-1"]
[WhiteElo "1555"]
[BlackElo "1561"]
[PlyCount "103"]
[EventDate "2022.02.12"]
[EventType "swiss"]
[EventRounds "7"]
[EventCountry "CRO"]
[SourceTitle "CBM 207 Extra"]
[Source "ChessBase"]
[SourceDate "2022.05.31"]
[SourceVersion "1"]
[SourceVersionDate "2022.05.31"]
[SourceQuality "1"]

1. e4 e5 2. Nf3 Nc6 3. Bb5 Nf6 4. 0-0 d6 5. Re1 Be7 6. c3 0-0 7. h3 Bd7 8. d4 exd4 9. cxd4 Re8 10. Nbd2 Bf8 11. a3 Ne7 12. Bc4 Ng6 13. Qc2 c5 14. d5 b5 15. Bd3 Qb6 16. b3 Nh5 17. Nf1 Nhf4 18. Kh2 Nxd3 19. Qxd3 Rac8 20. Be3 Qb7 21. Ng3 a6 22. Ng5 Ne5 23. Qe2 f6 24. Nf3 c4 25. bxc4 bxc4 26. Rab1 Qa8 27. Rb6 Bb5 28. Nd4 Nd7 29. Rxb5 axb5 30. Ne6 c3 31. Nf5 Qxa3 32. Qg4 g6 33. Bh6 Kf7 34. Bc1 Qb4 35. Qh4 h5 36. g4 Rxe6 37. dxe6+ Kxe6 38. gxh5 Ne5 39. Re3 Qc5 40. hxg6 Qxe3 41. Nxe3 Nf3+ 42. Kg3 Nxh4 43. Kxh4 Bh6 44. Kh5 Bxe3 45. Bxe3 c2 46. f4 c1Q 47. f5+ Ke7 48. Bxc1 Rxc1 49. Kh6 Rh1 50. g7 Rxh3+ 51. Kg6 Rg3+ 52. Kh7 0-1

[Event "Crikvenica City-ch"]
[Site "Crikvenica"]
[Date "2022.02.12"]
[Round "1"]
[White "Viduka, Marko"]
[Black "Tatai, Igor"]
[Result "1-0"]
[WhiteElo "1555"]
[BlackElo "1600"]
[PlyCount "94"]
[EventDate "2022.02.12"]
[EventType "swiss"]
[EventRounds "7"]
[EventCountry "CRO"]
[SourceTitle "CBM 207 Extra"]
[Source "ChessBase"]
[SourceDate "2022.05.31"]
[SourceVersion "1"]
[SourceVersionDate "2022.05.31"]
[SourceQuality "1"]

1. d4 d5 2. c4 dxc4 3. e4 e6 4. Bxc4 Bb4+ 5. Nc3 Nc6 6. Nf3 a6 7. a3 Bxc3+ 8. bxc3 h6 9. 0-0 Nf6 10. Re1 0-0 11. Qc2 Na5 12. Bd3 b6 13. Bf4 Bb7 14. Rab1 c5 15. Qd2 c4 16. Bc2 Nh5 17. Bxh6 gxh6 18. Qxh6 Qf6 19. Qxh5 Qg6 20. Qxg6+ fxg6 21. Ng5 b5 22. Nxe6 Rf6 23. d5 Bc8 24. e5 Rf7 25. Bxg6 Re7 26. Nd4 Kg7 27. Bf5 Kf7 28. d6 Rb7 29. Bxc8 Rxc8 30. e6+ Kf6 31. e7 Kf7 32. Ne6 Nc6 33. Nc7 Rbxc7 34. dxc7 Nxe7 35. Re4 Rxc7 36. Rbe1 Nd5 37. Rc1 Rc6 38. Rd4 Nb6 39. h4 Na4 40. g4 Nb2 41. Re1 Nd3 42. Rd7+ Kg6 43. Ree7 Kh6 44. Rh7+ Kg6 45. g5 Nf4 46. Rh6+ Kf5 47. Rxc6 a5 1-0

[Event "Mediterranean op 10th"]
[Site "Rijeka"]
[Date "2018.11.30"]
[Round "8"]
[White "Viduka, Marko"]
[Black "Petrovic, David"]
[Result "0-1"]
[WhiteElo "1556"]
[BlackElo "1726"]
[PlyCount "64"]
[EventDate "2018.11.24"]
[EventType "swiss"]
[EventRounds "9"]
[EventCountry "CRO"]
[SourceTitle "CBM 187 Extra"]
[Source "ChessBase"]
[SourceDate "2018.11.04"]
[SourceVersion "1"]
[SourceVersionDate "2018.11.04"]
[SourceQuality "1"]

1. e4 e5 2. Nf3 Nc6 3. Bb5 a6 4. Ba4 Nf6 5. 0-0 Be7 6. Re1 b5 7. Bb3 d6 8. c3 Bg4 9. d4 0-0 10. h3 Bh5 11. d5 Nb8 12. a4 Nbd7 13. axb5 axb5 14. Na3 Nc5 15. Bc2 Nfxe4 16. Bxe4 Nxe4 17. Rxe4 f5 18. Rf4 exf4 19. Bxf4 Bf6 20. Nxb5 Qd7 21. Rxa8 Rxa8 22. Qd3 Bxf3 23. gxf3 Qe8 24. Na3 Qe1+ 25. Kg2 Bh4 26. Bg3 Bxg3 27. Kxg3 Qg1+ 28. Kf4 Re8 29. Nc4 Qh2+ 30. Kxf5 Qxh3+ 31. Kf4 Qh4+ 32. Kf5 g6# 0-1

[Event "Mediterranean op 10th"]
[Site "Rijeka"]
[Date "2018.11.27"]
[Round "5"]
[White "Viduka, Marko"]
[Black "Vujic, Agata"]
[Result "0-1"]
[WhiteElo "1556"]
[BlackElo "1527"]
[PlyCount "42"]
[EventDate "2018.11.24"]
[EventType "swiss"]
[EventRounds "9"]
[EventCountry "CRO"]
[SourceTitle "CBM 187 Extra"]
[Source "ChessBase"]
[SourceDate "2018.11.04"]
[SourceVersion "1"]
[SourceVersionDate "2018.11.04"]
[SourceQuality "1"]

1. e4 e5 2. Nf3 Nf6 3. Nc3 Nc6 4. Bc4 Bc5 5. 0-0 d6 6. h3 Be6 7. Bxe6 fxe6 8. d3 Qd7 9. Na4 Bb6 10. Nxb6 axb6 11. Bg5 0-0-0 12. a3 h6 13. Be3 g5 14. Nd2 d5 15. Nb3 Rdg8 16. exd5 exd5 17. g3 Qxh3 18. Nd2 Ng4 19. Nf3 e4 20. dxe4 dxe4 21. Qd5 exf3 0-1

[Event "Rijeka Paris Memorial 39th"]
[Site "Rijeka"]
[Date "2018.11.02"]
[Round "1"]
[White "Viduka, Marko"]
[Black "Levar, Nenad"]
[Result "0-1"]
[WhiteElo "1556"]
[BlackElo "2069"]
[PlyCount "120"]
[EventDate "2018.11.02"]
[EventType "swiss"]
[EventRounds "9"]
[EventCountry "CRO"]
[SourceTitle "CBM 187 Extra"]
[Source "ChessBase"]
[SourceDate "2018.11.04"]
[SourceVersion "1"]
[SourceVersionDate "2018.11.04"]
[SourceQuality "1"]

1. e4 c5 2. Nf3 d6 3. d4 cxd4 4. Nxd4 Nf6 5. Nc3 a6 6. Be2 e6 7. Be3 Be7 8. 0-0 0-0 9. f4 Qc7 10. Qe1 Nc6 11. Nb3 b5 12. a3 Bb7 13. Bf3 Rac8 14. Qf2 Nd7 15. Rad1 Rfe8 16. Rfe1 Bf8 17. Kh1 Ba8 18. g4 Rb8 19. h4 Nb6 20. Bxb6 Qxb6 21. Qg2 b4 22. axb4 Nxb4 23. g5 Nxc2 24. Qxc2 Qxb3 25. Qxb3 Rxb3 26. Rd2 Reb8 27. Ree2 f5 28. Kg2 fxe4 29. Bxe4 Bxe4+ 30. Nxe4 d5 31. Ng3 Bd6 32. Nh5 g6 33. Rxe6 Bb4 34. Nf6+ Kf7 35. Rde2 Rxb2 36. Nxd5 Ba3 37. Kf3 Rxe2 38. Rf6+ Kg7 39. Kxe2 a5 40. Ra6 Rb2+ 41. Kf3 Bb4 42. Ra7+ Kf8 43. Ra8+ Kf7 44. Ra7+ Ke6 45. Nxb4 axb4 46. Rxh7 Rb1 47. h5 b3 48. hxg6 b2 49. Rb7 Rf1+ 50. Ke4 Re1+ 51. Kf3 b1Q 52. Rxb1 Rxb1 53. Kg4 Rb4 54. g7 Kf7 55. g6+ Kxg7 56. Kg5 Rb5+ 57. f5 Ra5 58. Kg4 Kf6 59. g7 Kxg7 60. Kg5 Kf7 0-1

[Event "Rijeka Four Seasons"]
[Site "Rijeka"]
[Date "2018.10.26"]
[Round "7"]
[White "Safar, Sandro"]
[Black "Viduka, Marko"]
[Result "1-0"]
[WhiteElo "2180"]
[BlackElo "1552"]
[PlyCount "89"]
[EventDate "2018.10.20"]
[EventType "tourn"]
[EventRounds "9"]
[EventCountry "CRO"]
[SourceTitle "CBM 187 Extra"]
[Source "ChessBase"]
[SourceDate "2018.11.04"]
[SourceVersion "1"]
[SourceVersionDate "2018.11.04"]
[SourceQuality "1"]

1. e4 c5 2. Nc3 e6 3. f4 Nc6 4. Nf3 d5 5. d3 Nge7 6. Bd2 a6 7. a4 Ng6 8. g3 Be7 9. Bg2 0-0 10. 0-0 Qc7 11. exd5 Nd4 12. h4 Bd6 13. dxe6 fxe6 14. Ne4 Bd7 15. Nxd4 cxd4 16. c4 dxc3 17. Bxc3 e5 18. h5 Nxf4 19. gxf4 exf4 20. h6 Be5 21. Qb3+ Kh8 22. hxg7+ Kxg7 23. Bxe5+ Qxe5 24. Qc3 Qxc3 25. bxc3 Rab8 26. Nc5 Bc8 27. Rab1 Rf7 28. a5 Rf5 29. d4 h5 30. Bxb7 h4 31. Bxc8 Rxc8 32. Rb3 Re8 33. c4 Rg5+ 34. Kh1 Rg3 35. Rbf3 Re3 36. Rxe3 fxe3 37. Rg1 e2 38. Rxg3+ hxg3 39. Nd3 Kg6 40. Kg2 Kf5 41. c5 Ke4 42. Ne1 Ke3 43. c6 Kd2 44. Nf3+ Ke3 45. c7 1-0

[Event "Rijeka Four Seasons"]
[Site "Rijeka"]
[Date "2018.10.22"]
[Round "3"]
[White "Viduka, Marko"]
[Black "Spiranec, Noemi"]
[Result "0-1"]
[WhiteElo "1552"]
[BlackElo "2032"]
[PlyCount "54"]
[EventDate "2018.10.20"]
[EventType "tourn"]
[EventRounds "9"]
[EventCountry "CRO"]
[SourceTitle "CBM 187 Extra"]
[Source "ChessBase"]
[SourceDate "2018.11.04"]
[SourceVersion "1"]
[SourceVersionDate "2018.11.04"]
[SourceQuality "1"]

1. e4 e5 2. Nf3 Nc6 3. Bb5 a6 4. Ba4 Nf6 5. 0-0 Be7 6. Re1 b5 7. Bb3 d6 8. h3 Na5 9. c3 Nxb3 10. axb3 0-0 11. d4 exd4 12. cxd4 Bb7 13. Qc2 Rc8 14. b4 Re8 15. Bg5 Nxe4 16. Bxe7 Rxe7 17. Nbd2 Nxd2 18. Nxd2 Qe8 19. Kf1 Rxe1+ 20. Rxe1 Bxg2+ 21. Kxg2 Qxe1 22. Nf3 Qxb4 23. Qf5 Rf8 24. Ng5 g6 25. Qf6 Qc4 26. h4 h6 27. h5 Qd5+ 0-1